Geológia československých Karpát zv. 1

Bibliographic Details
Main Author: Andrusov, Dimitrij, 1897-1976 (Author)
Format: Book
Language:Slovak
Published: Bratislava Slovesnká akadémia vied 1958
Subjects:

MARC

LEADER 00000cam a2200000 a 4500
001 vtls008311906
003 SK-MaSNL
005 20260311122316.0
008 251104s1958 xo oab f n 000 0 slo
015 |a SNBA1959/02-00256 
020 |q (viazané) 
035 |a SK01SNK19590004123 
035 |a urn:nbn:sk:snk-am3j43z 
035 |a EB686099-4D30-4E0C-9FC9-769A44C2D2B4 
035 |a urn:nbn:sk:snk-am00gdrx 
035 |a SKM000006586 
040 |a SNK  |b slo  |c SNK  |e AACR2 
041 0 |a slo  |b ger  |b rus 
044 |a xo  |c SK 
080 |a 55(234.372.3)  |2 2001 
100 1 |a Andrusov, Dimitrij,  |d 1897-1976  |4 aut  |9 37244 
245 1 0 |a Geológia československých Karpát  |n zv. 1  |c Dimitrij Andrusov 
260 |a Bratislava  |b Slovesnká akadémia vied  |c 1958  |e Brno  |f Tisk 
300 |a 303, [1] s., [28] obr. príl., [6] fareb. obr. príl., [6] príl.  |b Fotogr. Ilustr. Mp. Tab.  |c 8° 
366 |e 3150 kusov 
504 |a Obsahuje bibliografiu a bibliografické odkazy 
546 |a Res. v ruš., nem. 
650 0 7 |a geológia  |2 SNKPH  |9 167377 
651 7 |a Československo  |2 SNKPHgeo  |9 21376 
651 7 |a Západné Karpaty (pohorie)  |2 SNKPHgeo  |9 175174 
655 7 |a štúdie  |2 SNKPH  |9 57033 
852 |a Slovenská národná knižnica 
954 |a odborná, vedecká literatúra pôvodná (slovenská)  |2 lita 
958 |a TL 
958 |a NB 
958 |a RK 
958 |a OND 
958 |a EUIPO 
999 |c 587739  |d 589669 
952 |a SNK  |b SNK  |y PREZ  |7 0  |p 17A0831585  |o snkSC 12486/1  |i snkKSP 4375/58  |0 0  |1 0  |4 0  |d 2012-08-23  |f 1  |l 0  |r 2025-07-16 00:00:00  |w 2026-02-23 
952 |t P60, <04>, [BOOK], {604}  |a SNK  |b SNK  |y VYP  |7 0  |p 17A0026269  |o snkSC 12486/1 D1  |0 0  |1 0  |4 0  |d 1996-12-06  |l 0  |r 2005-01-01 00:00:00  |w 2026-02-23